000 00396nam a2200145 i 4500
001 bg
100 1 _aKISELEV, A. V.
245 0 _aInfrakrasnye spektry poverchnostnych soedinenij i adsorbirovannych rescestv /
_cA. W. Kiselev, W. J. Lygin.
260 _aMoskva,
_c1972.
700 1 _aLYGIN, V. J.
040 _cBPK
041 _apol
942 _cKS
008 s pl f |000 0 pol
999 _c15457
_d15457
856 _uhttp://koha.tu.koszalin.pl/cgi-bin/koha/opac-detail.pl?biblionumber=15457
_yKatalog online BPK